000 00485nam a22001697a 4500
999 _c26376
_d26376
003 BDDh-ASL
005 20231015030633.0
008 211008s1962 p ||||| |||| 00| 0 u d
040 _aBDDh-ASL
_cBDDh-ASL
082 _a297.23
_bGII
100 1 _94801
_aGilani, Manazir Ahsan
245 1 0 _aIslami Maashiyat : / اسلامی معاشيات
260 _aKarachi :
_bSheikh Shawkat Ali and Sons ,
_c1962.
300 _a566 p. :
_c25 cm.
650 0 _91652
_aIslam
942 _2ddc
_cBK